1541 1350 1859 1115 1717 1298 1231 1337 1810 1252 1799 1915 1927 1309 1157 1947 1972 1823 1267 1131 1244 1964 1993 1084 1251 1105 1767 1467 1055 1910 1044 1912 1152 1847 1672 1404 1408 1393 1668 1202 1815 1970 1327 1274 1213 1596 1039 1273 1241 1612 1098 1830 1384 1907 1701 1972 1416 1096 1377 1127 1555 1847 1230 1788 1239 1384 1416 1844 1437 1852 1860 1653 1763 1020 1121 1730 1871 1271 1696 1571 1458 1273 1169 1673 1868 1744 1347 1002 1146 1250 1170 1944 1556 1141 1273 1187 1668 1604 1578 BCNSPRNW ULIB Ver.6.0+V

เปลี่ยนเป็นภาษาไทย

Change to English
 แสดงรายละเอียดบรรณานุกรม
  กลับหน้าหลัก

Brief Record : Get Marc (ISO 2709) : E-mail record : QR code < ปิดหน้าต่าง
LEADER : 00000nam 2200000uu 4500
001    13399124655
003     ULIB
008    151116s2002||||th 000 0 eng d
020    ^a9740426549
099    ^aวพ.QZ275^bS959F2
100 0  ^aSupawan Pimpayorm
245 10 ^aFactors related to fatigue in leukemic children receiving chemotherapy =^bปัจจัยที่เกี่ยวข้องกับความอ่อนล้าของเด็กป่วยโรคมะเร็งเม็ดเลือดขาวที่ได้รับการรักษาด้วยเคมีบำบัด /^cSupawan Pimpayorm
246 31 ^aปัจจัยที่เกี่ยวข้องกับความอ่อนล้าของเด็กป่วยโรคมะเร็งเม็ดเลือดขาวที่ได้รับการรักษาด้วยเคมีบำบัด
260    ^aBangkok :^bMahidol University,^c2002
300    ^aix, 107 leaves ;^c30 cm.
500    ^aSend to Single Search
502    ^aThesis (M.N.S. (Pediatric Nursing))--Mahidol University,2002
610 20 ^aMahidol University^xDissertations
610 20 ^aMahidol University. ^bFaculty of Medicine RamathibodiHospital^xDissertations
650  2 ^aDrug Therapy
650  2 ^aFatigue
650  2 ^aLeukemia^xdrug therapy
650  2 ^aLeukemia^xin infancy & childhood
691    ^aM.N.S. (2002)
692    ^aPediatric Nursing (Mahidol University 2002)
700 0  ^aWilai Leesuwan,^eths.
700 0  ^aAutchareeya Patoomwan,^eths.
710 2  ^aMahidol University
710 2  ^aMahidol University. ^bFaculty of Medicine RamathibodiHospital
710 22 ^aMahidol University.^tThesis
710 22 ^aมหาวิทยาลัยมหิดล.^tวิทยานิพนธ์
945    ^p0^l0^i000194
999    ^aเกษร โพธิ์สุวรรณ
รายการนี้ยังไม่มีแท็ก
คุณยังไม่ได้ล็อกอิน คุณสามารถมีกิจกรรมร่วมกับเว็บไซต์ได้ แต่ต้องล็อกอินก่อน ::
  ล็อกอิน

รายการสื่อสารสนเทศ

ลำดับที่ ประเภท เลขเรียก/บาร์โค้ด สถานที่ สถานะ
1. วิทยานิพนธ์
วิทยานิพนธ์
วพ.QZ275 S959F2 ฉ.1 
  Barcode: 000194
ห้องสมุดวิทยาเขตสวรรค์ประชารักษ์
►วิจัย
บนชั้น

รายการใกล้เคียง
    หัวเรื่อง [Drug Therapy]
    หัวเรื่อง [Fatigue]

BibComment


ยังไม่เคยถูกคอมเมนท์

คอมเมนท์ทรัพยากรรายการนี้
  คอมเมนท์: Factors related ..


 Copyright 2026. Bcnsprnw @Library